| 000 | 00628nam a22002057a 4500 | ||
|---|---|---|---|
| 003 | OSt | ||
| 005 | 20140310183053.0 | ||
| 008 | 130228t xxu||||| |||| 00| 0 eng d | ||
| 020 | _a9710868330 | ||
| 050 |
_aHF 5635 _b.C559 2007 |
||
| 100 | _aChua, Jr. , Manuel, C.M. | ||
| 245 |
_aFundamentals of accounting principles : _btheory and applications / _c Manuel C.M. Chua, Jr., Francis M.C. VillariƱa, Teofisto P. Arenas |
||
| 260 |
_aMandaluyong City : _bNational Bookstore, _c2007. |
||
| 300 |
_a608 p. : _c25 cm. _bill. ; |
||
| 521 | _aBSA | ||
| 562 | _e2 | ||
| 942 |
_2lcc _cBK _kLOC |
||
| 999 |
_c18669 _d18669 |
||